Digital telephony (Record no. 3592)

000 -LEADER
fixed length control field 00571nam a2200217 a 4500
001 - CONTROL NUMBER
control field 3592
003 - CONTROL NUMBER IDENTIFIER
control field BD-DhUET
008 - FIXED-LENGTH DATA ELEMENTS--GENERAL INFORMATION
fixed length control field 900501s1991 nyua b 001 0 eng
020 ## - INTERNATIONAL STANDARD BOOK NUMBER
International Standard Book Number 0471620564
040 ## - CATALOGING SOURCE
Original cataloging agency DLC
Transcribing agency DLC
Modifying agency BD-DhUET
082 ## - DEWEY DECIMAL CLASSIFICATION NUMBER
Classification number 623.85
Item number BEL/1991
100 ## - MAIN ENTRY--PERSONAL NAME
Personal name Bellamy, John
245 10 - TITLE STATEMENT
Title Digital telephony
250 ## - EDITION STATEMENT
Edition statement 2nd ed.
260 ## - PUBLICATION, DISTRIBUTION, ETC. (IMPRINT)
Place of publication, distribution, etc. New York
Name of publisher, distributor, etc. John wiley & sons
Date of publication, distribution, etc. 1991
300 ## - PHYSICAL DESCRIPTION
Extent xix, 572 p.
Other physical details ill.
Dimensions 25 cm.
490 ## - SERIES STATEMENT
Series statement Wiley Series in telecommunications
504 ## - BIBLIOGRAPHY, ETC. NOTE
Bibliography, etc Includes bibliographies
650 #0 - SUBJECT ADDED ENTRY--TOPICAL TERM
Topical term or geographic name as entry element Digital telephony
942 ## - ADDED ENTRY ELEMENTS (KOHA)
Koha item type General Book
Holdings
Shelving location Koha normalized classification for sorting Price effective from Date acquired Piece designation (barcode) Location (home branch) Source of classification or shelving scheme Not for loan Koha item type Lost status Koha date last borrowed Damaged status Sublocation or collection (holding branch) Koha issues (times borrowed) Koha date last seen Koha full call number Copy number Withdrawn status
Circulation section623_000000000000000_85BEL19912014-11-022014-11-0283618Central Library, BUET  General Book 2015-10-10 Central Library, BUET22016-02-06623.85/BEL/19911 
Circulation section623_000000000000000_85BEL19912014-11-022014-11-0283620Central Library, BUET  General Book   Central Library, BUET 2017-08-26623.85/BEL/19912 
Circulation section623_000000000000000_85BEL19912014-11-022014-11-0283623Central Library, BUET  General Book   Central Library, BUET 2017-08-16623.85/BEL/19913 
Circulation section623_850000000000000_BEL_19912014-11-022014-11-0286339Central Library, BUET  General Book 2023-03-07 Central Library, BUET22024-02-20623.85/BEL/19914 
Reading section623_850000000000000_BEL_19912015-07-012015-07-0187594Central Library, BUET  Reading Item   Central Library, BUET 2015-07-01623.85/BEL/19915 
Rental section623_850000000000000_BEL_19912024-12-091992-06-0683563Central Library, BUET  Rental Item   Central Library, BUET 2024-12-09623.85 BEL/1991ক-১ 
Rental section623_850000000000000_BEL_19912024-12-091992-06-0683564Central Library, BUET  Rental Item   Central Library, BUET 2024-12-09623.85 BEL/1991ক-২ 
Rental section623_850000000000000_BEL_19912024-12-091992-06-0683565Central Library, BUET  Rental Item   Central Library, BUET 2024-12-09623.85 BEL/1991ক-৩ 
Rental section623_850000000000000_BEL_19912024-12-091992-06-0683566Central Library, BUET  Rental Item   Central Library, BUET 2024-12-09623.85 BEL/1991ক-৪ 
Rental section623_850000000000000_BEL_19912024-12-091992-06-0683567Central Library, BUET  Rental Item   Central Library, BUET 2024-12-09623.85 BEL/1991ক-৫ 
Rental section623_850000000000000_BEL_19912024-12-091992-06-0683568Central Library, BUET  Rental Item   Central Library, BUET 2024-12-09623.85 BEL/1991ক-৬ 
Rental section623_850000000000000_BEL_19912024-12-091992-06-0683569Central Library, BUET  Rental Item   Central Library, BUET 2024-12-09623.85 BEL/1991ক-৭ 
Rental section623_850000000000000_BEL_19912024-12-091992-06-0683570Central Library, BUET  Rental Item   Central Library, BUET 2024-12-09623.85 BEL/1991ক-৮ 
Rental section623_850000000000000_BEL_19912024-12-091992-06-0683571Central Library, BUET  Rental Item   Central Library, BUET 2024-12-09623.85 BEL/1991ক-৯ 
Rental section623_850000000000000_BEL_19912024-12-091992-06-0683572Central Library, BUET  Rental Item   Central Library, BUET 2024-12-09623.85 BEL/1991ক-১০ 
Rental section623_850000000000000_BEL_19912024-12-091992-06-0683573Central Library, BUET  Rental Item   Central Library, BUET 2024-12-09623.85 BEL/1991ক-১১ 
Rental section623_850000000000000_BEL_19912024-12-091992-06-0683574Central Library, BUET  Rental Item   Central Library, BUET 2024-12-09623.85 BEL/1991ক-১২ 
Rental section623_850000000000000_BEL_19912024-12-091992-06-0683575Central Library, BUET  Rental Item   Central Library, BUET 2024-12-09623.85 BEL/1991ক-১৩ 
Rental section623_850000000000000_BEL_19912024-12-091992-06-0683576Central Library, BUET  Rental Item   Central Library, BUET 2024-12-09623.85 BEL/1991ক-১৪ 
Rental section623_850000000000000_BEL_19912024-12-091992-06-0683577Central Library, BUET  Rental Item   Central Library, BUET 2024-12-09623.85 BEL/1991ক-১৫